Statistics for Marvel Ultimate Alliance 3 Characters Quiz

Click here to take the quiz!

General Stats

  • This quiz has been taken 46 times
  • The average score is 38 of 51

Answer Stats

CharacterHint% Correct
GamoraBase Game
95%
Iron ManBase Game
95%
Spider-ManBase Game
95%
Star-LordBase Game
95%
ThorBase Game
95%
Black PantherBase Game (Unlockable)
89%
DeadpoolBase Game (Unlockable)
89%
DraxBase Game
89%
HulkBase Game
89%
WolverineBase Game
89%
Captain AmericaBase Game
84%
CyclopsFree DLC
84%
Doctor StrangeBase Game (Unlockable)
84%
Human TorchDLC 3
84%
Invisible WomanDLC 3
84%
MagnetoBase Game (Unlockable)
84%
Mr. FantasticDLC 3
84%
ThanosBase Game (Unlockable)
84%
ThingDLC 3
84%
VenomBase Game (Unlockable)
84%
WaspBase Game (Unlockable)
84%
Captain MarvelBase Game
79%
Doctor DoomDLC 3
79%
FalconBase Game
79%
HawkeyeBase Game (Unlockable)
79%
LokiBase Game (Unlockable)
79%
Black WidowBase Game
74%
CableDLC 2
74%
DaredevilBase Game (Unlockable)
74%
Moon KnightDLC 1
74%
Ms. MarvelBase Game (Unlockable)
74%
Scarlet WitchBase Game
74%
StormBase Game (Unlockable)
74%
BladeDLC 1
68%
GambitDLC 2
68%
IcemanDLC 2
68%
Iron FistBase Game (Unlockable)
68%
Luke CageBase Game (Unlockable)
68%
PhoenixDLC 2
68%
ColossusFree DLC
63%
ElektraBase Game (Unlockable)
63%
NightcrawlerBase Game (Unlockable)
63%
PunisherDLC 1
63%
Ghost RiderBase Game (Unlockable)
58%
Spider-GwenBase Game (Unlockable)
58%
MorbiusDLC 1
53%
CrystalBase Game
47%
PsylockeBase Game (Unlockable)
47%
Elsa BloodstoneBase Game (Unlockable)
32%
Spider-Man (Miles Morales)Base Game (Unlockable)
26%
Groot & Rocket RaccoonBase Game
21%

Score Distribution

Percentile by Number Answered

Percent of People with Each Score

Your Score History

You have not taken this quiz